Inter duos fluvios: il popolamento del Piceno tra Tenna e Tronto dal V al I sec. a. C

Uloženo v:
Podrobná bibliografie
Hlavní autor: Ciuccarelli, Maria Raffaella (Autor)
Médium: Kniha
Jazyk:italština
Vydáno: Oxford Archaeopress 2012
Vydání:1a. ed
Edice:BAR International Series, 2435
Témata:
Tagy: Přidat tag
Žádné tagy, Buďte první, kdo vytvoří štítek k tomuto záznamu!

MARC

LEADER 00000cam a2200000 a 4500
001 UCD9634
003 CL-VaPUC
008 170630e20120000uk |||||||||||||||||ita|d
020 |a 9781407310343 
082 0 4 |a 937  |b CIU  |2 21 
100 0 |a Ciuccarelli, Maria Raffaella  |e author  |9 593297 
245 1 0 |a Inter duos fluvios: il popolamento del Piceno tra Tenna e Tronto dal V al I sec. a. C 
250 |a 1a. ed 
300 |a 127 p 
942 |c BK 
945 |d 20170630 21:31:00  |a dcastane 
260 |a Oxford  |b Archaeopress  |c 2012 
650 0 |a Historia de Italia  |9 362027 
650 0 |a Historia antigua  |9 267521 
650 0 |a Civilizaciones antiguas  |9 265998 
583 |a last modification  |c 20170630 21:31:00  |k Rodrigo Vera 
490 0 |a BAR International Series, 2435 
999 |c 368713  |d 368711 
952 |0 0  |1 0  |3 erb  |4 0  |6 937_000000000000000_CIU_2012  |7 0  |8 A  |9 484119  |a FDOLAF  |b FDOLAF  |e Laffi, Umberto, 1939-  |i 5402883  |o 937 CIU 2012  |p 5402883  |r 2024-01-30  |w 2019-11-24  |y BK  |z Catalogado en:20170630  |k LAF